|
|
|
|
| LEADER |
00000nam2a2200000 4500 |
| 001 |
309127 |
| 005 |
20231102002147.0 |
| 035 |
|
|
|a (RuTPU)RU\TPU\book\334449
|
| 035 |
|
|
|a RU\TPU\book\313804
|
| 035 |
|
|
|a RU\TPU\book\325767
|
| 090 |
|
|
|a 309127
|
| 100 |
|
|
|a 20150331d1981 k y0rusy5003 ca
|
| 101 |
0 |
|
|a rus
|
| 102 |
|
|
|a LV
|
| 105 |
|
|
|a a z 001zy
|
| 200 |
0 |
|
|a Вып. 20 : Системы магнитного подвеса и тяги для высокоскоростного наземного транспорта
|f отв. ред. В. В. Апсит
|
| 210 |
|
|
|d 1981
|
| 215 |
|
|
|d 21 см
|a 152 с.
|c ил.
|
| 320 |
|
|
|a Библиогр. в конце ст.
|
| 461 |
|
1 |
|0 (RuTPU)RU\TPU\book\299880
|t Бесконтактные электрические машины
|o [сборник статей]
|f Академия наук Латвийской ССР (АН ЛатССР), Физико-энергетический институт (ФЭИ)
|v Вып. 20 : Системы магнитного подвеса и тяги для высокоскоростного наземного транспорта
|d 1961-1986
|
| 606 |
1 |
|
|a Электрические машины, бесконтактные
|2 stltpush
|3 (RuTPU)RU\TPU\subj\27163
|9 50959
|
| 610 |
1 |
|
|a электротехника
|
| 610 |
1 |
|
|a теория
|
| 610 |
1 |
|
|a проектирование
|
| 610 |
1 |
|
|a расчет
|
| 610 |
1 |
|
|a наземный транспорт
|
| 610 |
1 |
|
|a магнитный подвес
|
| 610 |
1 |
|
|a тяга
|
| 675 |
|
|
|a 621.313.392
|v 4
|
| 702 |
|
1 |
|a Апсит
|b В. В.
|4 340
|
| 801 |
|
0 |
|a RU
|b RuMRKP
|c 19950704
|g psbo
|
| 801 |
|
1 |
|a RU
|b 63413507
|c 20151110
|
| 801 |
|
2 |
|a RU
|b 63413507
|c 20180118
|g RCR
|
| 942 |
|
|
|c BK
|